书目信息 |
| 题名: |
热力学
|
|
| 作者: | 沃克 , 马元 编 | |
| 分册: | 下册 | |
| 出版信息: | 北京 人民教育出版社 1982.9 |
|
| 页数: | 454页 | |
| 开本: | 20cm | |
| 丛书名: | ||
| 单 册: | ||
| 中图分类: | O414.1 | |
| 科图分类: | ||
| 主题词: | 理论物理学 | |
| 电子资源: | ||
| ISBN: | ||
| 000 | 00535nam0 2200193 45 | |
| 001 | 0312221749 | |
| 005 | 20060525093934.70 | |
| 010 | @dCNY2.20 | |
| 100 | @a20031222d1982 km y0chiy0120 ea | |
| 101 | @achi | |
| 200 | 1 | @a热力学@ARe Li Xue@h下册@f(美)K·沃克编@F(mei)K·wo ke bian@f马元等译@Fma yuan deng yi |
| 210 | @a北京@c人民教育出版社@d1982.9 | |
| 215 | @a454页@d20cm | |
| 606 | 0 | @a理论物理学 |
| 690 | @aO414.1@v3 | |
| 701 | 0 | @a沃克@Awo ke@4编 |
| 701 | 0 | @a马元@Ama yuan@4译 |
| 801 | @aCN@bTSTCL@c20060525 | |
| 905 | @dO414.1@e24:2 | |
| 热力学.下册/(美)K·沃克编/马元等译.-北京:人民教育出版社,1982.9 |
| 454页;20cm |
| ISBN :CNY2.20 |
| ● |
| 相关链接 |
|
|
|
|
正题名:热力学
索取号:O414.1/24:2
 
预约/预借
| 序号 | 登录号 | 条形码 | 馆藏地/架位号 | 状态 | 备注 |
| 1 | 0108020 | 000387815 | 第三借阅区/ [索取号:O414.1/24:2] | 在馆 | |
| 2 | 0108021 | 202379611 | 密集书库/ [索取号:O414.1/24:2] | 在馆 |